[Event "Glorney Gilbert International 2016 - Glorney"]
[Site "Daventry"]
[Date "2016.07.18"]
[Round "2.3"]
[White "Gillies, Craig"]
[Black "Mulligan, Scott"]
[Result "0-1"]
[WhiteElo "1630"]
[BlackElo "1940"]
[PlyCount "94"]
[EventDate "2016.07.18"]
[WhiteTeam "Scotland"]
[BlackTeam "Ireland"]

1. d4 e6 2. c4 Bb4+ 3. Nc3 Nf6 4. Bg5 c5 5. a3 Ba5 6. e3 Bxc3+ 7. bxc3 Qa5 8.
Ne2 Nc6 9. Bxf6 gxf6 10. g3 Rb8 11. Bg2 Qa6 12. d5 Ne5 13. dxe6 fxe6 14. O-O
Ke7 15. Nf4 b6 16. Qh5 Bb7 17. Qh6 Rbg8 18. Rad1 Bxg2 19. Nxg2 Qxc4 20. Qf4 Qa6
21. h3 h5 22. Nh4 Qc4 23. Qxc4 Nxc4 24. Rd3 Rh7 25. Rfd1 Kd8 26. Rb1 Kc7 27. a4
Rhg7 28. Kh2 Rb8 29. Ng2 a6 30. Nf4 Rh7 31. h4 b5 32. a5 Nxa5 33. Rbd1 Nc4 34.
Ra1 a5 35. f3 a4 36. g4 hxg4 37. fxg4 Rxh4+ 38. Kg3 Rh7 39. Nh5 Rf7 40. Kf4 Rg8
41. e4 Rxg4+ 42. Kxg4 Ne5+ 43. Kf4 Nxd3+ 44. Ke3 Ne5 45. Nf4 Kc6 46. Kd2 Nc4+
47. Kc2 Rh7 0-1

[Event "Glorney Gilbert International 2016 - Glorney"]
[Site "Daventry"]
[Date "2016.07.19"]
[Round "3.1"]
[White "O`gorman, Tom"]
[Black "Thomas, Ben"]
[Result "1-0"]
[WhiteElo "2150"]
[BlackElo "2005"]
[PlyCount "85"]
[EventDate "2016.07.18"]
[WhiteTeam "Ireland"]
[BlackTeam "Wales"]

1. e4 c5 2. Nf3 d6 3. d4 cxd4 4. Nxd4 Nf6 5. Nc3 a6 6. Bg5 e5 7. Nf5 Bxf5 8.
exf5 Be7 9. Bxf6 Bxf6 10. Bc4 O-O 11. Qd3 Nc6 12. O-O-O Nd4 13. Nd5 Rc8 14. Bb3
Rc6 15. Kb1 Qc8 16. g4 Kh8 17. h4 h5 18. f3 Bd8 19. c3 Nxb3 20. axb3 hxg4 21.
fxg4 Qd7 22. g5 Qe8 23. Qf3 g6 24. f6 e4 25. Qf4 Qe5 26. Qxe5 dxe5 27. h5 Kh7
28. h6 Bb6 29. Rhe1 e3 30. Nxb6 Rxb6 31. Rxe3 Rb5 32. Re4 Kg8 33. Kc2 a5 34.
Rd7 Kh7 35. Re7 Rd8 36. R4xe5 Rbd5 37. Rxf7+ Kg8 38. Ree7 Rxg5 39. Rg7+ Kf8 40.
Rh7 Rg2+ 41. Kb1 Rg1+ 42. Ka2 Kg8 43. Reg7+ 1-0

[Event "Glorney Gilbert International 2016 - Glorney"]
[Site "Daventry"]
[Date "2016.07.19"]
[Round "3.1"]
[White "Evans, James"]
[Black "Li, Henry"]
[Result "0-1"]
[WhiteElo "1527"]
[BlackElo "1990"]
[PlyCount "90"]
[EventDate "2016.07.18"]
[WhiteTeam "Wales"]
[BlackTeam "Ireland"]

1. e4 e5 2. Nf3 Nc6 3. Bc4 Nf6 4. d4 exd4 5. O-O Nxe4 6. Re1 d5 7. Bxd5 Qxd5 8.
Nc3 Qh5 9. Nxe4 Be6 10. Neg5 O-O-O 11. Nxe6 fxe6 12. Rxe6 Bd6 13. Bd2 g5 14. h3
g4 15. Rh6 Qf5 16. Nh4 Qe5 17. Qxg4+ Kb8 18. Nf3 Qb5 19. b3 Rhg8 20. Qh5 Qb6
21. Rxh7 Nb4 22. Ne1 Qc6 23. Bxb4 Bxb4 24. Rh6 Qc3 25. Qd1 Rde8 26. Nd3 Bd6 27.
Rc1 Re7 28. Rh4 Rge8 29. Kf1 a6 30. Rg4 Ba3 31. Ra1 Re2 32. Rg3 Rd2 33. Qb1
Rxc2 34. h4 Re3 35. fxe3 Qxd3+ 36. Kg1 Rc1+ 37. Qxc1 Bxc1 38. Rxc1 Qd2 39. Ra1
dxe3 40. Rg8+ Ka7 41. Re8 Qf2+ 42. Kh2 Qxh4+ 43. Kg1 Qf2+ 44. Kh1 e2 45. Re7
Qh4+ 0-1

[Event "Glorney Gilbert International 2016 - Glorney"]
[Site "Daventry"]
[Date "2016.07.19"]
[Round "3.1"]
[White "Mulligan, Scott"]
[Black "Calist, Aron"]
[Result "1-0"]
[WhiteElo "1940"]
[BlackElo "1500"]
[PlyCount "61"]
[EventDate "2016.07.18"]
[WhiteTeam "Ireland"]
[BlackTeam "Wales"]

1. e4 c5 2. Nf3 Nc6 3. d4 cxd4 4. Nxd4 g6 5. Nc3 Bg7 6. Be3 Nf6 7. Nxc6 bxc6 8.
e5 Ng8 9. Bd4 e6 10. Ne4 f6 11. Qf3 f5 12. Nd6+ Ke7 13. Bc5 Qa5+ 14. b4 Qa4 15.
Nxc8+ Kd8 16. Nd6 Qxc2 17. Qd3 Qb2 18. Nf7+ Ke8 19. Nd6+ Kd8 20. Qd4 Qxd4 21.
Bxd4 Ke7 22. f4 Nh6 23. Bc5 Nf7 24. Nxf5+ Kd8 25. Nxg7 Rg8 26. Nxe6+ dxe6 27.
Bc4 Re8 28. a4 Rb8 29. a5 Rb7 30. O-O-O+ Kc8 31. Ba6 1-0

[Event "Glorney Gilbert International 2016 - Glorney"]
[Site "Daventry"]
[Date "2016.07.19"]
[Round "3.2"]
[White "Ramaiya, Anshu"]
[Black "Koehn, Lennart"]
[Result "0-1"]
[WhiteElo "1714"]
[BlackElo "1952"]
[PlyCount "116"]
[EventDate "2016.07.18"]
[WhiteTeam "England B"]
[BlackTeam "Scotland"]

1. e4 c5 2. Nc3 a6 3. f4 b5 4. Nf3 Bb7 5. d3 e6 6. Be2 d6 7. O-O Nf6 8. Qe1 Nc6
9. Bd1 Be7 10. Ne2 c4 11. Ng3 cxd3 12. cxd3 Rc8 13. h3 O-O 14. d4 Qa5 15. Bd2
Qb6 16. Be3 d5 17. e5 Ne4 18. Bc2 Nb4 19. Bb1 Nc2 20. Bxc2 Rxc2 21. Nxe4 dxe4
22. Nd2 Bd5 23. b3 Rfc8 24. Rf2 Bb4 25. Qd1 Qc6 26. Rf1 Qc3 27. Re1 Qd3 28. Re2
Bxd2 29. Bxd2 Qxd4+ 30. Kf1 Qd3 31. Be3 Rxa2 32. Qe1 Rcc2 33. Rxa2 Rxa2 34. Kf2
Qxe2+ 35. Qxe2 Rxe2+ 36. Kxe2 Bxb3 37. Bb6 Kf8 38. Kd2 Ke7 39. Kc3 Bc4 40. g3
Kd7 41. Kb4 Kc6 42. Be3 Kd5 43. Bb6 Bf1 44. h4 Be2 45. Be3 a5+ 46. Kxa5 Kc4 47.
Bd2 Bd1 48. Bb4 e3 49. Be1 Ba4 50. g4 e2 51. g5 g6 52. Bb4 Kd3 53. Kb6 Kc2 54.
Kc5 Kd1 55. Kd6 e1=Q 56. Bxe1 Kxe1 57. Ke7 Bc2 58. Kxf7 Bf5 0-1

[Event "Glorney Gilbert International 2016 - Glorney"]
[Site "Daventry"]
[Date "2016.07.19"]
[Round "3.2"]
[White "Pannwitz, Kai"]
[Black "Davis, Holden"]
[Result "0-1"]
[WhiteElo "1907"]
[BlackElo "1708"]
[PlyCount "66"]
[EventDate "2016.07.18"]
[WhiteTeam "Scotland"]
[BlackTeam "England B"]

1. d4 Nf6 2. c4 e6 3. Nc3 d5 4. cxd5 exd5 5. Bg5 c6 6. Qc2 Be7 7. e3 Be6 8. Nf3
Nbd7 9. Bd3 h6 10. Bf4 Nh5 11. O-O O-O 12. Rfe1 Rc8 13. Qe2 Re8 14. Ne5 Nxf4
15. exf4 Nxe5 16. dxe5 Bb4 17. f5 Bd7 18. f6 g6 19. Qe3 Bf8 20. Rad1 Be6 21.
Qg3 Qd7 22. Ne2 Bf5 23. Nd4 Bxd3 24. Rxd3 c5 25. e6 cxd4 26. e7 Bxe7 27. fxe7
Qxe7 28. Rf1 Qe2 29. Rdd1 Rc2 30. Qb3 Rxb2 31. Qxd5 Rd2 32. Rb1 d3 33. g3 b6
0-1

[Event "Glorney Gilbert International 2016 - Glorney"]
[Site "Daventry"]
[Date "2016.07.19"]
[Round "3.2"]
[White "Forster, Matthew"]
[Black "Bond, Alexander"]
[Result "1-0"]
[WhiteElo "1733"]
[BlackElo "1937"]
[PlyCount "121"]
[EventDate "2016.07.18"]
[WhiteTeam "England B"]
[BlackTeam "Scotland"]

1. c4 c6 2. g3 d5 3. Bg2 Nf6 4. Nf3 Bf5 5. cxd5 cxd5 6. Qb3 Qc7 7. Nc3 e6 8.
O-O a6 9. d3 Bd6 10. Re1 Nc6 11. Bg5 Nd7 12. e4 dxe4 13. Nxe4 Bxe4 14. dxe4 O-O
15. Rac1 Nc5 16. Qc3 e5 17. b4 Ne6 18. Bd2 Qe7 19. a3 Rfc8 20. Qb2 a5 21. Rb1
axb4 22. Bxb4 Bxb4 23. axb4 Ned4 24. Nxd4 Nxd4 25. Rec1 h6 26. Bh3 Rxc1+ 27.
Rxc1 Nc6 28. b5 Nd4 29. b6 Nc6 30. Bf1 Ra4 31. Rxc6 bxc6 32. b7 Rb4 33. b8=Q+
Rxb8 34. Qxb8+ Kh7 35. Qb3 g6 36. Qc4 c5 37. Qd5 Qc7 38. Kg2 Kg7 39. Bc4 Qe7
40. f4 exf4 41. gxf4 Qa7 42. e5 Qe7 43. h3 h5 44. Kf3 Qa7 45. h4 Qa3+ 46. Bb3
Qa7 47. e6 fxe6 48. Qxe6 Qb7+ 49. Qd5 Qa7 50. Qg8+ Kh6 51. Qh8+ Qh7 52. Qxh7+
Kxh7 53. Ke4 Kg7 54. Kd5 Kf6 55. Bc2 Kf7 56. Kxc5 Kf6 57. Kd6 Kf7 58. Bxg6+
Kxg6 59. Ke6 Kg7 60. f5 Kf8 61. Kf6 1-0

[Event "Glorney Gilbert International 2016 - Glorney"]
[Site "Daventry"]
[Date "2016.07.19"]
[Round "3.2"]
[White "D Costa, Leston"]
[Black "Cocks, Elliot"]
[Result "0-1"]
[WhiteElo "1557"]
[BlackElo "1756"]
[PlyCount "70"]
[EventDate "2016.07.18"]
[WhiteTeam "Scotland"]
[BlackTeam "England B"]

1. e4 c5 2. Nc3 Nc6 3. f4 g6 4. Nf3 Bg7 5. Bb5 Nd4 6. O-O e6 7. d3 Qa5 8. Bc4
b5 9. Bb3 Nxf3+ 10. Qxf3 c4 11. dxc4 bxc4 12. Ba4 Bd4+ 13. Kh1 Rb8 14. Ne2 Bg7
15. Qa3 Qb4 16. e5 Qxa3 17. bxa3 Ne7 18. Be3 Nd5 19. Bf2 g5 20. Rab1 Rxb1 21.
Rxb1 gxf4 22. Rb8 O-O 23. Bc5 Bxe5 24. Ra8 d6 25. Bxa7 Ba6 26. Rxf8+ Kxf8 27.
Bc6 Ne3 28. Be4 f5 29. Bxe3 fxe3 30. a4 fxe4 31. Kg1 d5 32. Kf1 d4 33. Ke1 d3
34. cxd3 exd3 35. Ng3 Bxg3+ 0-1

[Event "Glorney Gilbert International 2016 - Glorney"]
[Site "Daventry"]
[Date "2016.07.19"]
[Round "3.2"]
[White "Ashworth, Robert M"]
[Black "Gillies, Craig"]
[Result "1-0"]
[WhiteElo "1560"]
[BlackElo "1630"]
[PlyCount "131"]
[EventDate "2016.07.18"]
[WhiteTeam "England B"]
[BlackTeam "Scotland"]

1. e4 d5 2. exd5 Nf6 3. d4 Bg4 4. f3 Bf5 5. Bb5+ Nbd7 6. Nc3 e6 7. dxe6 Bxe6 8.
Nge2 Bd6 9. Bf4 Bxf4 10. Nxf4 Qe7 11. O-O O-O 12. Re1 Rfe8 13. Kh1 Qd6 14. Nxe6
Rxe6 15. Rxe6 Qxe6 16. Qe2 Re8 17. Qxe6 Rxe6 18. Bxd7 Nxd7 19. Kg1 Kf8 20. Kf2
Nb6 21. Re1 Rxe1 22. Kxe1 Ke7 23. Ke2 c6 24. Kd3 f5 25. b3 Ke6 26. a4 a5 27.
Ne2 Nd5 28. c4 Nb4+ 29. Kd2 g5 30. Nc1 h5 31. Nd3 Nxd3 32. Kxd3 b6 33. h3 h4
34. Kc3 Kd6 35. b4 Kc7 36. bxa5 bxa5 37. c5 Kd7 38. Kc4 Ke6 39. d5+ cxd5+ 40.
Kd4 f4 41. c6 Kd6 42. c7 Kxc7 43. Kxd5 Kb6 44. Kd6 Kb7 45. Kc5 Ka7 46. Kb5 Kb7
47. Kxa5 Ka7 48. Kb5 Kb7 49. Kc5 Ka6 50. Kd5 Ka5 51. Ke5 Kxa4 52. Kf5 Kb5 53.
Kxg5 Kc6 54. Kxf4 Kd6 55. Kg4 Ke5 56. Kxh4 Kf6 57. g4 Kg6 58. f4 Kh6 59. f5 Kg7
60. g5 Kh7 61. g6+ Kh6 62. Kg4 Kg7 63. Kg5 Kg8 64. f6 Kh8 65. Kh6 Kg8 66. g7
1-0

[Event "Glorney Gilbert International 2016 - Glorney"]
[Site "Daventry"]
[Date "2016.07.19"]
[Round "3.3"]
[White "Brewer, Callum D"]
[Black "Albaric, Etienne"]
[Result "1/2-1/2"]
[WhiteElo "1988"]
[BlackElo "2209"]
[PlyCount "84"]
[EventDate "2016.07.18"]
[WhiteTeam "England"]
[BlackTeam "France"]

1. e4 c5 2. Nc3 Nc6 3. Bb5 Nd4 4. Nf3 e6 5. Nxd4 cxd4 6. Ne2 Qg5 7. Bc4 Nf6 8.
Ng3 Be7 9. d3 Qc5 10. Bb3 d6 11. f4 a5 12. a4 Bd7 13. Bd2 O-O 14. O-O b5 15. f5
bxa4 16. Bxa4 Bxa4 17. Rxa4 e5 18. Bg5 d5 19. b3 Rfc8 20. Ra2 Rc6 21. exd5 Qxd5
22. Bxf6 Bxf6 23. Ne4 Rac8 24. Rf2 Qb5 25. g4 h6 26. Qe1 Ra8 27. Rg2 Bg5 28.
Nxg5 hxg5 29. h4 gxh4 30. g5 h3 31. Rh2 Kf8 32. Rxh3 Ke7 33. Rh7 Qd5 34. g6
fxg6 35. Rxg7+ Kf8 36. Rxg6 Rxg6+ 37. fxg6 Ra6 38. Qf2+ Kg7 39. Qf7+ Qxf7 40.
gxf7 Kxf7 41. Kf2 Ke6 42. Kf3 Kf7 1/2-1/2

[Event "Glorney Gilbert International 2016 - Glorney"]
[Site "Daventry"]
[Date "2016.07.19"]
[Round "3.3"]
[White "Chemla, Oscar"]
[Black "Ashworth, Michael J"]
[Result "1-0"]
[WhiteElo "2044"]
[BlackElo "1884"]
[PlyCount "85"]
[EventDate "2016.07.18"]
[WhiteTeam "France"]
[BlackTeam "Ireland"]

1. c4 Nf6 2. Nc3 g6 3. g3 Bg7 4. Bg2 O-O 5. e4 d6 6. Nge2 Nc6 7. d3 a6 8. O-O
Rb8 9. f4 Bd7 10. h3 b5 11. g4 h5 12. g5 Nh7 13. cxb5 axb5 14. f5 b4 15. Nd5 e6
16. fxg6 fxg6 17. Ndf4 Nxg5 18. Nxg6 Rxf1+ 19. Qxf1 Qf6 20. Ngf4 Rf8 21. h4 Nh7
22. Qe1 Qf7 23. Qg3 Ne5 24. Bd2 Ng4 25. Bxb4 Bxb2 26. Rf1 c5 27. Bc3 Bxc3 28.
Nxc3 Nhf6 29. Bh3 Qh7 30. Rb1 Qh6 31. Rb7 Rf7 32. Rb8+ Kh7 33. Bxg4 Nxg4 34.
Nce2 Rg7 35. Nh3 e5 36. Ng5+ Kg6 37. Rb6 Nf6 38. Rxd6 Rg8 39. Qxe5 Rf8 40. Nf4+
Kg7 41. Rxd7+ Kg8 42. Qe6+ Kh8 43. Rh7+ 1-0

[Event "Glorney Gilbert International 2016 - Glorney"]
[Site "Daventry"]
[Date "2016.07.19"]
[Round "3.3"]
[White "Jina, Taran"]
[Black "Warr-Esser, Alexandre"]
[Result "1-0"]
[WhiteElo "1764"]
[BlackElo "2004"]
[PlyCount "129"]
[EventDate "2016.07.18"]
[WhiteTeam "England"]
[BlackTeam "France"]

1. Nf3 d5 2. g3 Bg4 3. Bg2 c6 4. O-O Nd7 5. d3 e6 6. Nbd2 Bd6 7. e4 Ne7 8. h3
Bxf3 9. Bxf3 h5 10. Bxh5 g6 11. Be2 Rxh3 12. Kg2 Rh8 13. Rh1 Rg8 14. d4 Qb6 15.
e5 Bc7 16. Nf3 f6 17. exf6 Nxf6 18. Bd3 O-O-O 19. Qe2 e5 20. dxe5 Ng4 21. a4 a5
22. c3 Rdf8 23. Rf1 Nf5 24. b4 axb4 25. cxb4 Nd4 26. Nxd4 Qxd4 27. Bb2 Qxb4 28.
Ba3 Qd4 29. Bxf8 Rxf8 30. Rad1 Qb4 31. f4 Nh6 32. Bxg6 Nf5 33. Qd3 Ne7 34. Bh5
Kb8 35. Rde1 Rh8 36. Bd1 Rg8 37. Re3 Ng6 38. Kf3 Bb6 39. Ree1 Qb2 40. Re2 Qb4
41. Rh2 Qf8 42. Re1 Qb4 43. Rhh1 Qc5 44. Rhf1 Qb4 45. Bc2 Qf8 46. Qf5 Qa3+ 47.
Bd3 Qb2 48. Re2 Qd4 49. Rd1 Qxa4 50. Rdd2 Bc5 51. e6 Qa1 52. Bb1 Qc3+ 53. Qd3
Qf6 54. Ba2 Rf8 55. Kg2 Qg7 56. Kh1 Nxf4 57. Qc2 Qxg3 58. Qxc5 Rh8+ 59. Rh2
Qe1+ 60. Qg1 Qe4+ 61. Rdg2 Rxh2+ 62. Qxh2 Qe1+ 63. Qg1 Qxe6 64. Rg8+ Kc7 65.
Qg7+ 1-0

[Event "Glorney Gilbert International 2016 - Glorney"]
[Site "Daventry"]
[Date "2016.07.19"]
[Round "3.3"]
[White "Boitel, Leo"]
[Black "Green, Michael"]
[Result "1-0"]
[WhiteElo "1995"]
[BlackElo "1890"]
[PlyCount "59"]
[EventDate "2016.07.18"]
[WhiteTeam "France"]
[BlackTeam "England"]
[WhiteTeamCountry "FRA"]
[BlackTeamCountry "IRL"]

1. d4 Nf6 2. Nf3 c5 3. e3 b6 4. c4 g6 5. Nc3 Bg7 6. b3 O-O 7. Bd3 Bb7 8. Bb2 e6
9. O-O Qe7 10. Qe2 Rd8 11. dxc5 bxc5 12. e4 Nc6 13. Na4 Nb4 14. e5 Nxd3 15.
exf6 Nf4 16. Qe3 Nh3+ 17. gxh3 Bxf6 18. Bxf6 Qxf6 19. Kg2 Rac8 20. Rad1 d6 21.
Rd3 e5 22. Nc3 Qe6 23. Nd5 e4 24. Ng5 Qe5 25. Nxe4 Kg7 26. Re1 Re8 27. Ng3 Qb2
28. Qc1 Qxa2 29. Qc3+ Kg8 30. Ra1 1-0

[Event "Glorney Gilbert International 2016 - Glorney"]
[Site "Daventry"]
[Date "2016.07.19"]
[Round "3.3"]
[White "Jain, Gautam R"]
[Black "Naillou, Thomas"]
[Result "1-0"]
[WhiteElo "1838"]
[BlackElo "1855"]
[PlyCount "43"]
[EventDate "2016.07.18"]
[WhiteTeam "England"]
[BlackTeam "France"]

1. e4 c5 2. Nc3 Nc6 3. f4 g6 4. Nf3 Bg7 5. Bc4 a6 6. d3 e6 7. f5 Nge7 8. O-O
Na5 9. f6 Bxf6 10. e5 Bg7 11. Ne4 O-O 12. Bg5 h6 13. Qe1 Nxc4 14. dxc4 hxg5 15.
Nfxg5 Nf5 16. Rxf5 exf5 17. Qh4 Re8 18. Nf6+ Kf8 19. Ngh7+ Ke7 20. Nd5+ Ke6 21.
Ng5+ Qxg5 22. Nc7+ 1-0

[Event "Glorney Gilbert International 2016 - Glorney"]
[Site "Daventry"]
[Date "2016.07.19"]
[Round "4.1"]
[White "Thomas, Ben"]
[Black "Albaric, Etienne"]
[Result "0-1"]
[WhiteElo "2005"]
[BlackElo "2209"]
[PlyCount "96"]
[EventDate "2016.07.18"]
[WhiteTeam "Wales"]
[BlackTeam "France"]

1. e4 c5 2. c3 d5 3. exd5 Qxd5 4. d4 Nf6 5. Be3 cxd4 6. cxd4 e6 7. Nc3 Bb4 8.
Nf3 O-O 9. Bd3 b6 10. O-O Bxc3 11. bxc3 Ba6 12. Bxa6 Nxa6 13. Qa4 Qb7 14. c4
Rac8 15. Rab1 Nb8 16. Qb5 Nbd7 17. Rfc1 Ne4 18. Bf4 Rfd8 19. a4 a6 20. Qb3 Rc6
21. a5 Rdc8 22. Qd3 Nef6 23. Bg5 Ne8 24. Be3 Qc7 25. axb6 Rxb6 26. Rxb6 Qxb6
27. d5 Qd6 28. Rd1 Nef6 29. Qe2 exd5 30. Qa2 Ne4 31. Rxd5 Qc6 32. Nd4 Qb7 33.
Nf5 Ndf6 34. Re5 Rd8 35. h3 Rd1+ 36. Kh2 h5 37. c5 Kh7 38. Bf4 Rd7 39. f3 g5
40. Bxg5 Nxg5 41. Nd6 Nxf3+ 42. Kg3 h4+ 43. Kf2 Rxd6 44. Qc2+ Kg8 45. gxf3 Re6
46. Rg5+ Kf8 47. Qa2 Qb4 48. Qc2 Qe1+ 0-1

[Event "Glorney Gilbert International 2016 - Glorney"]
[Site "Daventry"]
[Date "2016.07.19"]
[Round "4.1"]
[White "Chemla, Oscar"]
[Black "Evans, James"]
[Result "1-0"]
[WhiteElo "2044"]
[BlackElo "1527"]
[PlyCount "55"]
[EventDate "2016.07.18"]
[WhiteTeam "France"]
[BlackTeam "Wales"]

1. c4 Nf6 2. Nc3 e6 3. e4 d5 4. exd5 exd5 5. d4 b6 6. Bg5 Be7 7. Bxf6 Bxf6 8.
Nxd5 Bg5 9. Qe2+ Be6 10. f4 Be7 11. Nxe7 Qxe7 12. d5 Bf5 13. Nf3 Nd7 14. Nd4
Bg4 15. Qxe7+ Kxe7 16. h3 Bh5 17. g4 Bg6 18. f5 Rhf8 19. O-O-O a5 20. Re1+ Kd8
21. Bg2 Ra6 22. fxg6 hxg6 23. Rhf1 Kc8 24. Re7 a4 25. Rfxf7 Rxf7 26. Rxf7 Ne5
27. Rxg7 Nxc4 28. Bf1 1-0

[Event "Glorney Gilbert International 2016 - Glorney"]
[Site "Daventry"]
[Date "2016.07.19"]
[Round "4.1"]
[White "Calist, Aron"]
[Black "Naillou, Thomas"]
[Result "0-1"]
[WhiteElo "1500"]
[BlackElo "1855"]
[PlyCount "54"]
[EventDate "2016.07.18"]
[WhiteTeam "Wales"]
[BlackTeam "France"]

1. e4 c5 2. Nf3 d6 3. d4 cxd4 4. Nxd4 Nf6 5. Nc3 a6 6. Be3 e5 7. Nf3 Be6 8. Qd2
Be7 9. O-O-O b5 10. Kb1 Nc6 11. Ne1 b4 12. Ne2 Nxe4 13. Qd3 Bf5 14. Qd5 Rc8 15.
g4 Nf6 16. Qc4 Be6 17. Qxa6 O-O 18. f3 Qd7 19. Nc1 Nd5 20. Bf2 Ra8 21. Qb5 Rfb8
22. Qd3 Qc7 23. Rd2 Nc3+ 24. Ka1 Rxa2+ 25. Nxa2 Ra8 26. bxc3 Rxa2+ 27. Kb1 Qa5
0-1

[Event "Glorney Gilbert International 2016 - Glorney"]
[Site "Daventry"]
[Date "2016.07.19"]
[Round "4.2"]
[White "Koehn, Lennart"]
[Black "Brewer, Callum D"]
[Result "1/2-1/2"]
[WhiteElo "1952"]
[BlackElo "1988"]
[PlyCount "31"]
[EventDate "2016.07.18"]
[WhiteTeam "Scotland"]
[BlackTeam "England"]

1. e4 c6 2. Nc3 d5 3. Qe2 dxe4 4. Nxe4 Bf5 5. d3 e6 6. g4 Bg6 7. h4 h5 8. g5
Nd7 9. Nh3 Bxe4 10. dxe4 g6 11. Nf4 Bg7 12. Bh3 Qb6 13. c3 Ne7 14. Be3 c5 15.
O-O O-O 16. Rfd1 1/2-1/2

[Event "Glorney Gilbert International 2016 - Glorney"]
[Site "Daventry"]
[Date "2016.07.19"]
[Round "4.2"]
[White "Ashworth, Michael J"]
[Black "Pannwitz, Kai"]
[Result "1-0"]
[WhiteElo "1884"]
[BlackElo "1907"]
[PlyCount "109"]
[EventDate "2016.07.18"]
[WhiteTeam "England"]
[BlackTeam "Scotland"]

1. d4 Nf6 2. c4 g6 3. f3 Nc6 4. e4 e5 5. Ne2 exd4 6. Nxd4 Bg7 7. Nxc6 bxc6 8.
Nc3 O-O 9. Be2 Ba6 10. O-O Qe7 11. Be3 Qb4 12. Qb3 Qa5 13. Qa4 Qxa4 14. Nxa4 d5
15. Nc5 Bc8 16. exd5 Re8 17. Kf2 cxd5 18. Rad1 c6 19. Bd4 Bf8 20. Bxf6 Bxc5+
21. Bd4 Bb6 22. cxd5 cxd5 23. Bb5 Rd8 24. b3 Be6 25. Rd2 Ba5 26. Rc2 Bf5 27.
Rcc1 Rab8 28. Be2 Rb7 29. Rfd1 Rbd7 30. Bb5 Rd6 31. Bc5 Re6 32. Bxa7 h5 33. a3
Re7 34. Bc5 Rb7 35. a4 Bc7 36. b4 Bxh2 37. Bc6 Rbb8 38. Bxd5 h4 39. a5 Bg3+ 40.
Kf1 Bc8 41. Bc4 Re8 42. a6 h3 43. gxh3 Bxh3+ 44. Kg1 Re5 45. Bd6 Rg5 46. Bxb8
Bxb8+ 47. Kf2 Bg3+ 48. Ke2 Re5+ 49. Kd3 Bf5+ 50. Kc3 Re3+ 51. Bd3 Be5+ 52. Kc4
Be6+ 53. Kc5 Bc7 54. a7 Re5+ 55. Kc6 1-0

[Event "Glorney Gilbert International 2016 - Glorney"]
[Site "Daventry"]
[Date "2016.07.19"]
[Round "4.2"]
[White "Bond, Alexander"]
[Black "Jina, Taran"]
[Result "0-1"]
[WhiteElo "1937"]
[BlackElo "1764"]
[PlyCount "58"]
[EventDate "2016.07.18"]
[WhiteTeam "Scotland"]
[BlackTeam "England"]

1. d4 e6 2. c4 Nf6 3. g3 Bb4+ 4. Bd2 Qe7 5. Bg2 Nc6 6. Nf3 Bxd2+ 7. Nbxd2 d6 8.
O-O O-O 9. e4 a5 10. a3 a4 11. Re1 e5 12. d5 Nb8 13. Qc2 Nbd7 14. b3 axb3 15.
Nxb3 Nb6 16. c5 Na4 17. cxd6 cxd6 18. Nfd2 Bd7 19. Rec1 Rfc8 20. Qd1 Bb5 21.
Rxc8+ Rxc8 22. Na5 Qc7 23. Ndb3 Qb6 24. Qd2 Nc3 25. Bf3 Ncxe4 26. Qe3 Qxe3 27.
fxe3 Rc3 28. a4 Ba6 29. Re1 b6 0-1

[Event "Glorney Gilbert International 2016 - Glorney"]
[Site "Daventry"]
[Date "2016.07.19"]
[Round "4.2"]
[White "Green, Michael"]
[Black "D Costa, Leston"]
[Result "1/2-1/2"]
[WhiteElo "1890"]
[BlackElo "1557"]
[PlyCount "81"]
[EventDate "2016.07.18"]
[WhiteTeam "England"]
[BlackTeam "Scotland"]

1. Nf3 f5 2. c4 e6 3. g3 Nf6 4. Bg2 d5 5. O-O Bd6 6. d3 O-O 7. Nbd2 c6 8. Rb1
f4 9. e3 fxe3 10. fxe3 Nbd7 11. b4 Ne5 12. Nxe5 Bxe5 13. Nf3 Bd6 14. Qb3 Qe7
15. Bd2 Bd7 16. Bc3 Be8 17. c5 Bc7 18. Ne5 Nd7 19. Qb2 Qg5 20. Rxf8+ Kxf8 21.
Qf2+ Kg8 22. Nxd7 Bxd7 23. Rf1 Qf5 24. Qxf5 exf5 25. Bh3 Rf8 26. e4 dxe4 27.
dxe4 g6 28. e5 Re8 29. Re1 Re7 30. Bf1 Kf7 31. a4 a6 32. Kf2 g5 33. Kf3 Be6 34.
b5 axb5 35. axb5 Bd5+ 36. Kf2 Ke6 37. b6 Bb8 38. Bd3 Be4 39. Bc4+ Bd5 40. Bd3
h5 41. Bd2 1/2-1/2

[Event "Glorney Gilbert International 2016 - Glorney"]
[Site "Daventry"]
[Date "2016.07.19"]
[Round "4.2"]
[White "Gillies, Craig"]
[Black "Jain, Gautam R"]
[Result "0-1"]
[WhiteElo "1630"]
[BlackElo "1838"]
[PlyCount "82"]
[EventDate "2016.07.18"]
[WhiteTeam "Scotland"]
[BlackTeam "England"]

1. d4 f5 2. c4 Nf6 3. Nc3 e6 4. g3 Be7 5. Bg2 O-O 6. Nh3 d6 7. Qb3 e5 8. c5+
Kh8 9. Ng5 Qe8 10. Bxb7 Bxb7 11. Qxb7 Nc6 12. d5 Nd4 13. O-O Qh5 14. f3 f4 15.
Qxc7 fxg3 16. hxg3 Ng4 17. fxg4 Rxf1+ 18. Kxf1 Qh1+ 19. Kf2 Qh2+ 20. Kf1 Rf8+
21. Bf4 Bxg5 22. Qxd6 Rxf4+ 23. gxf4 Qxf4+ 24. Ke1 Qg3+ 25. Kf1 Qh3+ 26. Ke1
Qh1+ 27. Kf2 Qh2+ 28. Kf1 Qh3+ 29. Ke1 Nc2+ 30. Kd1 Ne3+ 31. Ke1 Qg3+ 32. Kd2
Nf5+ 33. Kd1 Nxd6 34. Kc2 Nb7 35. c6 Nd6 36. c7 Qxg4 37. e4 Qc8 38. Rf1 Kg8 39.
Rf3 Qxc7 40. a4 Nxe4 41. Kb1 Nd2+ 0-1

[Event "Glorney Gilbert International 2016 - Glorney"]
[Site "Daventry"]
[Date "2016.07.19"]
[Round "4.3"]
[White "O`gorman, Tom"]
[Black "Ramaiya, Anshu"]
[Result "1-0"]
[WhiteElo "2150"]
[BlackElo "1714"]
[PlyCount "145"]
[EventDate "2016.07.18"]
[WhiteTeam "Ireland"]
[BlackTeam "England B"]

1. e4 c5 2. Nf3 Nc6 3. d4 cxd4 4. Nxd4 g6 5. Nc3 Bg7 6. Be3 Nf6 7. Bc4 Qa5 8.
O-O O-O 9. Nb3 Qc7 10. Bg5 Rd8 11. f4 Na5 12. Be2 Nxb3 13. axb3 Qc5+ 14. Kh1 d5
15. Bxf6 Bxf6 16. Nxd5 Kf8 17. Qc1 Bg7 18. c4 e6 19. Nc3 b6 20. e5 Bb7 21. Nb5
a5 22. Nd6 Rab8 23. Bf3 Bxf3 24. Rxf3 Kg8 25. Qe3 Qxe3 26. Rxe3 Bf8 27. Ne4 Be7
28. Kg1 Rd4 29. Kf2 Rbd8 30. Kf3 Kf8 31. c5 Bxc5 32. Nxc5 bxc5 33. Rxa5 Rb4 34.
Rxc5 Rd2 35. Rc8+ Kg7 36. Rcc3 Rxb2 37. h3 h5 38. g4 hxg4+ 39. hxg4 g5 40. fxg5
Kg6 41. Rc4 R4xb3 42. Rf4 Rxe3+ 43. Kxe3 Rb1 44. Rf6+ Kg7 45. g6 fxg6 46. Rxe6
Rb4 47. Kf3 Kf7 48. Rf6+ Kg7 49. Kg3 Re4 50. Re6 Kf7 51. Kf3 Ra4 52. Rb6 Kg7
53. Rb7+ Kf8 54. Rc7 Rb4 55. Ra7 Rc4 56. Kg3 Re4 57. Ra5 Kf7 58. Kh4 Kg7 59.
Kg5 Kf7 60. Rb5 Ke6 61. Rb6+ Kxe5 62. Rxg6 Ra4 63. Rg8 Ke6 64. Rf8 Ke7 65. Rf1
Ra5+ 66. Kg6 Ra6+ 67. Kh5 Rf6 68. Rxf6 Kxf6 69. Kh6 Kf7 70. g5 Kg8 71. Kg6 Kh8
72. Kf7 Kh7 73. g6+ 1-0

[Event "Glorney Gilbert International 2016 - Glorney"]
[Site "Daventry"]
[Date "2016.07.19"]
[Round "4.3"]
[White "Davis, Holden"]
[Black "Li, Henry"]
[Result "1/2-1/2"]
[WhiteElo "1708"]
[BlackElo "1990"]
[PlyCount "45"]
[EventDate "2016.07.18"]
[WhiteTeam "England B"]
[BlackTeam "Ireland"]

1. e4 e5 2. Nf3 Nc6 3. Bc4 Nf6 4. d3 Bc5 5. O-O d6 6. h3 h6 7. c3 Bb6 8. b4 g5
9. a4 a5 10. b5 Ne7 11. Qb3 Rh7 12. Be3 g4 13. hxg4 Bxg4 14. Nbd2 Nh5 15. Nh2
Qd7 16. Bxb6 cxb6 17. f3 Bh3 18. Rf2 Rg7 19. Ndf1 Nf4 20. Ne3 h5 21. Raa2 O-O-O
22. Kf1 Be6 23. Bxe6 1/2-1/2